Countries Closest to Maldives - Statistics

General Stats
  • This quiz has been taken 1,894 times
  • The average score is 17 of 20
Answer Stats
km country miles % Correct
449 India 279
99%
758 Sri Lanka 471
97%
1916 Pakistan 1191
94%
2099 Oman 1305
91%
2102 Yemen 1306
90%
2407 Saudi Arabia 1495
89%
2627 Afghanistan 1633
87%
2343 Iran 1456
87%
2381 Bangladesh 1480
86%
2497 Nepal 1551
86%
2523 Myanmar 1568
85%
2365 Indonesia 1469
83%
2571 United Arab Emirates 1597
83%
2691 China 1672
82%
2770 Thailand 1721
82%
2781 Bhutan 1728
81%
2394 Somalia 1487
81%
1957 Seychelles 1216
76%
2750 Ethiopia 1709
64%
2122 Mauritius 1319
59%
No matching quizzes found
Score Distribution
Percent of People with Each Score
Percentile by Number Answered
Your Score History
You have not taken this quiz